How does that make you feel, Magda Eklund? : (Record no. 403366)
[ view plain ]
| 000 -LEADER | |
|---|---|
| fixed length control field | 02411aam a2200361 i 4500 |
| 001 - CONTROL NUMBER | |
| control field | 2023056286 |
| 003 - CONTROL NUMBER IDENTIFIER | |
| control field | DLC |
| 005 - DATE AND TIME OF LATEST TRANSACTION | |
| control field | 20250107122141.0 |
| 008 - FIXED-LENGTH DATA ELEMENTS--GENERAL INFORMATION | |
| fixed length control field | 240112s2024 nyu 000 1 eng d |
| 010 ## - LIBRARY OF CONGRESS CONTROL NUMBER | |
| LC control number | 2023056286 |
| 020 ## - INTERNATIONAL STANDARD BOOK NUMBER | |
| International Standard Book Number | 9780063353640 |
| Qualifying information | (hardcover) |
| 020 ## - INTERNATIONAL STANDARD BOOK NUMBER | |
| International Standard Book Number | 0063353644 |
| Qualifying information | (hardcover) |
| 035 ## - SYSTEM CONTROL NUMBER | |
| System control number | (OCoLC)1417406826 |
| 040 ## - CATALOGING SOURCE | |
| Original cataloging agency | DLC |
| Language of cataloging | eng |
| Description conventions | rda |
| Transcribing agency | DLC |
| Modifying agency | TnLvILS |
| 042 ## - AUTHENTICATION CODE | |
| Authentication code | pcc |
| 092 ## - LOCALLY ASSIGNED DEWEY CALL NUMBER (OCLC) | |
| Classification number | fiction |
| Item number | Montague, Anna |
| 100 1# - MAIN ENTRY--PERSONAL NAME | |
| Personal name | Montague, Anna, |
| Relator term | author. |
| 9 (RLIN) | 6536824 |
| 245 10 - TITLE STATEMENT | |
| Title | How does that make you feel, Magda Eklund? : |
| Remainder of title | a novel / |
| Statement of responsibility, etc | Anna Montague. |
| 250 ## - EDITION STATEMENT | |
| Edition statement | First edition. |
| 264 #1 - Production, Publication, Distribution, Manufacture, and Copyright Notice. | |
| Place of production, publication, distribution, manufacture | New York, NY : |
| Name of producer, publisher, distributor, manufacturer | Ecco, an imprint of HarperCollinsPublishers, |
| Date of production, publication, distribution, manufacture, or copyr | [2024] |
| 300 ## - PHYSICAL DESCRIPTION | |
| Extent | 244 pages ; |
| Dimensions | 24 cm. |
| 336 ## - Content Type | |
| Content type term | text |
| 337 ## - Media type | |
| Media type term | unmediated |
| 338 ## - Carrier type | |
| Carrier type term | volume |
| 520 ## - SUMMARY, ETC. | |
| Summary, etc | "For fans of Less comes a wry, moving novel about love, loss, and new beginnings found on an unlikely road trip. Most days, Magda is fine. She has her anxious therapy patients, who depend on her to cure their bad habits, and her longtime colleagues Boomer and Theo, whose playful bickering she mediates. She successfully avoids all discussion of her upcoming 70th birthday and has even brokered a tentative truce with her late best friend Sara's widower, Fred. Magda has her routines. She has other people's lives to fix. She's fine. But when Fred gifts her Sara's journal, she discovers plans for the road trip they always meant to take scribbled inside. And when Fred foists Sara's urn on Magda for the summer, there seems no choice but to go, lugging Sara along for the ride. Magda just wants closure, but the trip has the potential to shake up her careful routines, and the longing she locked away years ago. Because sometimes getting away from it all makes us confront the things we refuse to face. A hilarious and touching meditation on loss, aging, and the boundless power of female friendship, HOW DOES THAT MAKE YOU FEEL, MAGDA EKLUND? shows how love endures past death, and how it's never too late to start your next journey"-- |
| 650 #0 - SUBJECT ADDED ENTRY--TOPICAL TERM | |
| Topical term or geographic name as entry element | Psychiatrists |
| Form subdivision | Fiction. |
| 9 (RLIN) | 5679981 |
| 650 #0 - SUBJECT ADDED ENTRY--TOPICAL TERM | |
| Topical term or geographic name as entry element | Grief |
| Form subdivision | Fiction. |
| 9 (RLIN) | 5681242 |
| 650 #0 - SUBJECT ADDED ENTRY--TOPICAL TERM | |
| Topical term or geographic name as entry element | Automobile travel |
| Form subdivision | Fiction. |
| 9 (RLIN) | 5690602 |
| 650 #0 - SUBJECT ADDED ENTRY--TOPICAL TERM | |
| Topical term or geographic name as entry element | Birthdays |
| Form subdivision | Fiction. |
| 9 (RLIN) | 5678369 |
| 650 #0 - SUBJECT ADDED ENTRY--TOPICAL TERM | |
| Topical term or geographic name as entry element | Family secrets |
| Form subdivision | Fiction. |
| 9 (RLIN) | 5674538 |
| 650 #0 - SUBJECT ADDED ENTRY--TOPICAL TERM | |
| Topical term or geographic name as entry element | Female friendship |
| Form subdivision | Fiction. |
| 9 (RLIN) | 5674580 |
| 942 ## - ADDED ENTRY ELEMENTS (KOHA) | |
| Source of classification or shelving scheme | Dewey Decimal Classification |
| Koha item type | BOOK |
| Withdrawn status | Lost status | Source of classification or shelving scheme | Damaged status | Not for loan | Collection code | Home library | Current library | Shelving location | Date acquired | Source of acquisition | Total Checkouts | Total Renewals | Full call number | Barcode | Date last seen | Date checked out | Cost, replacement price | Price effective from | Koha item type |
|---|---|---|---|---|---|---|---|---|---|---|---|---|---|---|---|---|---|---|---|
| Dewey Decimal Classification | Fiction | Wasatch County Library | Wasatch County Library | First Floor | 01/07/2025 | Micromarketing | 6 | 2 | F Montague | 34301002089086 | 05/09/2025 | 04/18/2025 | 28.00 | 01/07/2025 | BOOK |
